000 00925cam a2200217 4500
001 WB4007-09
008 040218n2004 000 0 eng u
035 _a(Sirsi) u125191
245 _aLatest Scottish housing trends
260 _c2004
490 _aScottish Executive News Release
_v(SEc398/2004)17 February 2004
520 _aThe Scottish Executive has released the quarterly statistical bulletin "Housing trends in Scotland: quarter ending 30 September 2003". Contains information on public sector house sales, new house building and local authority lettings and evictions. Available at http://www.scotland.gov.uk/stats/bulletins/00320-0 0.asp. News release http://www.scotland.gov.uk/pages/news/2004/02/SEc3 98.aspx
590 _aWB
590 _aWB
650 _aSCOTLAND
650 _aHOUSE BUILDING
650 _aHOUSING SALES
650 _aLOCAL AUTHORITY HOUSING
690 _aHOUSING
942 _n0
999 _c117038
_d117038